Formación y orientación laboral: grado superior

Збережено в:
Бібліографічні деталі
Автори: Delgado González, Susana (Автор), Ena ventura, Teresa (Автор), Donaire Hurtado, Caridad (Автор), Ena Ventura, Belén (Автор), Martín Martínez, Beatriz (Автор)
Формат: Книга
Мова:Іспанська
Опубліковано: Madrid Paraninfo 2006
Редагування:1a. ed
Предмети:
Теги: Додати тег
Немає тегів, Будьте першим, хто поставить тег для цього запису!

MARC

LEADER 00000nam a2200000 a 4500
001 UCH3274
003 CL-VaPUC
008 090723e20060000SP |||||||||||||||||spa|d
020 |a 8497322258 
082 0 4 |a 371.425  |b DEL  |2 21 
100 0 |a Delgado González, Susana  |e author  |9 538579 
700 0 |a Ena ventura, Teresa  |e author  |9 538580 
700 0 |a Donaire Hurtado, Caridad  |e author  |9 538581 
700 0 |a Ena Ventura, Belén  |e author  |9 538582 
700 0 |a Martín Martínez, Beatriz  |e author  |9 538583 
245 1 0 |a Formación y orientación laboral: grado superior 
250 |a 1a. ed 
300 |a 256 p 
942 |c BK 
945 |d 20090723 00:00:00  |a rbrito 
260 |a Madrid  |b Paraninfo  |c 2006 
500 |a Incluye CD 
650 0 |a Orientación vocacional  |9 255692 
650 0 |a Formación profesional   |9 257232 
650 7 |a ORIENTADORES  |2 CL-VaPUC  |9 407371 
650 7 |a ORIENTACION EDUCACIONAL  |2 CL-VaPUC  |9 312512 
583 |a last modification  |c 20090723 00:00:00  |k Rodrigo Vera 
999 |c 334891  |d 334889 
952 |0 0  |1 0  |4 0  |6 371_425000000000000_DEL_2006  |7 0  |8 A  |9 424159  |a BIBEDU  |b BIBEDU  |d 2019-11-22  |i 4575385  |o 371.425 DEL 2006  |p 4575385  |r 2019-11-22  |w 2019-11-22  |y BK  |k EPE